[Event "Titled Tuesday intern op 06th Feb Early"]
[Site "Chess.com INT"]
[Date "2024.02.06"]
[Round "5"]
[White "Mirzanurov, Bulat"]
[Black "Dahlgren, James Allen"]
[Result "1-0"]
[WhiteElo "2232"]
[BlackElo "1770"]
[PlyCount "49"]
[EventDate "2024.02.06"]
[EventType "swiss (blitz)"]
[EventRounds "11"]
[EventCountry "USA"]
[SourceTitle "CB07_2024"]
[SourceDate "2024.02.14"]
[SourceVersion "1"]
[SourceVersionDate "2024.02.14"]
[SourceQuality "1"]

1. e4 d6 2. d4 g6 3. c4 Bg7 4. Nc3 Nd7 5. f4 c5 6. d5 e5 7. Nf3 Ne7 8. Nb5 Qb6 9. a4 a5 10. Be2 0-0 11. 0-0 f5 12. Ng5 exf4 13. Ne6 Be5 14. Nxf8 Nxf8 15. Bxf4 fxe4 16. Bxe5 dxe5 17. Bg4 Nf5 18. Bxf5 gxf5 19. Qh5 Qg6 20. Qh4 Bd7 21. Ra3 Bxb5 22. axb5 f4 23. g3 f3 24. Re3 Re8 25. Qxe4 1-0

[Event "Titled Tuesday intern op 14th Nov Early"]
[Site "Chess.com INT"]
[Date "2023.11.14"]
[Round "9"]
[White "Vincenti, Leonardo"]
[Black "Dahlgren, James Allen"]
[Result "0-1"]
[WhiteElo "2120"]
[BlackElo "1770"]
[PlyCount "34"]
[EventDate "2023.11.14"]
[EventType "swiss (blitz)"]
[EventRounds "11"]
[EventCountry "USA"]
[SourceTitle "CB47_2023"]
[SourceDate "2023.11.22"]
[SourceVersion "1"]
[SourceVersionDate "2023.11.22"]
[SourceQuality "1"]

1. a4 d5 2. Na3 e5 3. c3 c5 4. Nc2 d4 5. c4 f5 6. d3 Nf6 7. Bd2 a5 8. b3 Nc6 9. Na3 Bd6 10. Nb5 0-0 11. Nf3 e4 12. dxe4 fxe4 13. Ng5 h6 14. Nh3 Bxh3 15. gxh3 e3 16. fxe3 Ne4 17. Bg2 Qh4# 0-1

[Event "Titled Tuesday intern op 19th Sep Early"]
[Site "Chess.com INT"]
[Date "2023.09.19"]
[Round "2"]
[White "Dahlgren, James Allen"]
[Black "Hrebenshchykova, Yelyzaveta"]
[Result "0-1"]
[WhiteElo "1770"]
[BlackElo "2324"]
[PlyCount "142"]
[EventDate "2023.09.19"]
[EventType "swiss (blitz)"]
[EventRounds "11"]
[EventCountry "USA"]
[SourceTitle "EXT 2024"]
[Source "ChessBase"]
[SourceDate "2023.10.10"]
[SourceVersion "1"]
[SourceVersionDate "2023.10.10"]
[SourceQuality "1"]

1. d3 d5 2. f4 Nf6 3. Nf3 g6 4. g3 Bg7 5. Bg2 0-0 6. 0-0 c5 7. Nc3 d4 8. Ne4 Nxe4 9. dxe4 Nc6 10. e3 e5 11. f5 b6 12. g4 Ba6 13. Re1 d3 14. c3 Qc7 15. b3 Rfd8 16. c4 Nb4 17. Bb2 Nc2 18. Bf1 Nxe1 19. Qxe1 Bb7 20. Nd2 h6 21. Rd1 Rd7 22. Qg3 Qd8 23. h4 g5 24. h5 f6 25. Qf3 Qc7 26. Bg2 Rad8 27. Qf1 Bf8 28. Nb1 a6 29. Rd2 b5 30. Nc3 bxc4 31. bxc4 Qa5 32. Qd1 Rb8 33. Nd5 Bxd5 34. exd5 Bd6 35. Be4 Qb4 36. Ba1 Qxc4 37. Bxd3 Qb4 38. Bxa6 Qa5 39. Bc4 Rdb7 40. Kg2 Kg7 41. Qc2 Qb6 42. Rd1 Qc7 43. Bc3 Ra8 44. e4 Rba7 45. Rb1 Qe7 46. Qb3 Bc7 47. Ra1 Qd6 48. Qb5 Ba5 49. Bxa5 Rxa5 50. Qc6 Qxc6 51. dxc6 Rc8 52. Bd5 Rc7 53. Rc1 Kf8 54. Kf3 Ke7 55. Ke3 Kd6 56. Kd3 Ra3+ 57. Rc3 Rxc3+ 58. Kxc3 Ra7 59. Kb3 Kc7 60. Kc4 Kb6 61. Kb3 Ra5 62. a4 c4+ 63. Bxc4 Kxc6 64. Bb5+ Kc5 65. Kc3 Ra8 66. Kd3 Rd8+ 67. Kc3 Rd4 68. Bd3 Rxa4 69. Bc2 Ra3+ 70. Kd2 Kd4 71. Bb1 Rg3 0-1

[Event "Titled Tuesday intern op 29th Aug Early"]
[Site "Chess.com INT"]
[Date "2023.08.29"]
[Round "3"]
[White "Dahlgren, James Allen"]
[Black "Bournel, Antoine"]
[Result "0-1"]
[WhiteElo "1770"]
[BlackElo "2329"]
[PlyCount "62"]
[EventDate "2023.08.29"]
[EventType "swiss (blitz)"]
[EventRounds "11"]
[EventCountry "USA"]
[SourceTitle "EXT 2024"]
[Source "ChessBase"]
[SourceDate "2023.10.10"]
[SourceVersion "1"]
[SourceVersionDate "2023.10.10"]
[SourceQuality "1"]

1. d3 Nf6 2. Nf3 d5 3. g3 Bg4 4. Nbd2 Nbd7 5. Bg2 e5 6. 0-0 c6 7. e4 dxe4 8. dxe4 Bc5 9. h3 Bh5 10. Qe2 0-0 11. c3 a5 12. a4 Qc7 13. g4 Bg6 14. Nc4 Ne8 15. Be3 Bxe3 16. Qxe3 Nd6 17. Nfd2 Rfd8 18. Rfd1 Nxc4 19. Nxc4 Nf8 20. f3 Ne6 21. Bf1 b5 22. Na3 b4 23. Nc4 Rab8 24. Rd2 Rxd2 25. Qxd2 bxc3 26. Qxc3 Nd4 27. Kf2 Rb3 28. Qxa5 Rxf3+ 29. Kg1 Qxa5 30. Nxa5 Bxe4 31. Bg2 Rg3 0-1

[Event "Titled Tuesday intern op 27th Jun Early"]
[Site "Chess.com INT"]
[Date "2023.06.27"]
[Round "3"]
[White "Mrudul, Dehankar"]
[Black "Dahlgren, James Allen"]
[Result "1-0"]
[WhiteElo "2030"]
[BlackElo "1820"]
[PlyCount "127"]
[EventDate "2023.06.27"]
[EventType "swiss (blitz)"]
[EventRounds "11"]
[EventCountry "USA"]
[SourceTitle "EXT 2024"]
[Source "ChessBase"]
[SourceDate "2023.10.10"]
[SourceVersion "1"]
[SourceVersionDate "2023.10.10"]
[SourceQuality "1"]

1. e4 e6 2. d4 c5 3. d5 d6 4. Nf3 Nf6 5. Nc3 e5 6. a4 Be7 7. Bd3 0-0 8. h3 g6 9. Bh6 Re8 10. g4 Bf8 11. Bg5 h6 12. Be3 g5 13. Qd2 Nh7 14. Ne2 f6 15. Ng3 Bg7 16. Ng1 Nd7 17. N1e2 Ndf8 18. f3 Ng6 19. Kf2 Nf4 20. Bxf4 exf4 21. Nf5 Nf8 22. h4 Ng6 23. Rag1 Bxf5 24. gxf5 Nxh4 25. Nxf4 gxf4 26. Rxh4 Kf7 27. Qxf4 Rg8 28. Qg4 Ke7 29. Qh3 Qf8 30. Rhg4 Kd7 31. Rg6 Re8 32. Qg4 Re7 33. Qh5 Kc7 34. Bc4 a6 35. c3 Kb8 36. Qg4 Ka7 37. Qf4 Re5 38. Qe3 Re8 39. b4 Rc8 40. b5 a5 41. b6+ Kxb6 42. Qc1 Ka7 43. Qb2 Qe7 44. Qb5 Qc7 45. Qb3 Rcd8 46. Rb1 Rd7 47. Bb5 Re7 48. Qc4 Ra8 49. Rbg1 Kb8 50. Ke3 b6 51. Bc6 Ra7 52. Rb1 Qd8 53. Qb5 Rab7 54. Bxb7 Kxb7 55. Qc6+ Ka7 56. Qb5 Qc7 57. Rbg1 Qb7 58. Qc6 Qxc6 59. dxc6 Bf8 60. Rg8 Rf7 61. R1g6 Kb8 62. Rh8 Kc7 63. Rgg8 Be7 64. Rc8# 1-0

[Event "Titled Tuesday intern op 09th May Early"]
[Site "Chess.com INT"]
[Date "2023.05.09"]
[Round "9"]
[White "Dahlgren, James Allen"]
[Black "Iskusnyh, Sergei"]
[Result "0-1"]
[WhiteElo "1808"]
[BlackElo "2440"]
[PlyCount "62"]
[EventDate "2023.05.09"]
[EventType "swiss (blitz)"]
[EventRounds "11"]
[EventCountry "USA"]
[SourceTitle "CBM 214 Extra"]
[Source "ChessBase"]
[SourceDate "2023.07.31"]
[SourceVersion "1"]
[SourceVersionDate "2023.07.31"]
[SourceQuality "1"]

1. d3 d5 2. f4 g6 3. Nf3 Bg7 4. g3 c6 5. Bg2 Nh6 6. 0-0 Qb6+ 7. Kh1 Bxb2 8. Bxb2 Qxb2 9. Nbd2 Nf5 10. Qc1 Qxc1 11. Raxc1 Ne3 12. Rfe1 0-0 13. Nf1 Nxg2 14. Kxg2 Nd7 15. e4 dxe4 16. dxe4 Nc5 17. N1d2 Rd8 18. Nb3 Na4 19. c4 b6 20. Kf2 c5 21. Ke3 Ba6 22. Ne5 Rd6 23. Red1 Rad8 24. Rxd6 Rxd6 25. Rc2 f6 26. Ng4 Rd1 27. e5 Kf7 28. h4 Bc8 29. Nf2 Rg1 30. Kf3 Bb7+ 31. Ke3 Rxg3+ 0-1